Hồ Chí Minh tuyển tập (1954-1969) T.3
Gồm các bài viết và tác phẩm của Chủ tịch Hồ Chí Minh từ 1954-1969 thể hiện tư tưởng cơ bản của Người trên tất cả các lĩnh vực đối nội, đối ngoại của sự nghiệp xây dựng, bảo vệ miền Bắc, đấu tranh thống nhất nước nhà....
Tallennettuna:
| Päätekijä: | |
|---|---|
| Muut tekijät: | |
| Aineistotyyppi: | Kirja |
| Kieli: | Undetermined |
| Julkaistu: |
H.
Chính trị quốc gia
2002
|
| Aiheet: | |
| Linkit: | http://lrc.tdmu.edu.vn/opac/search/detail.asp?aID=2&ID=16657 |
| Tagit: |
Lisää tagi
Ei tageja, Lisää ensimmäinen tagi!
|
| Thư viện lưu trữ: | Trung tâm Học liệu Trường Đại học Thủ Dầu Một |
|---|
| LEADER | 01166nam a2200241Ia 4500 | ||
|---|---|---|---|
| 001 | TDMU_16657 | ||
| 008 | 210410s9999 xx 000 0 und d | ||
| 082 | |a 895.922083 | ||
| 090 | |b H450 | ||
| 100 | |a Hồ, Chí Minh | ||
| 245 | 0 | |a Hồ Chí Minh tuyển tập | |
| 245 | 0 | |b (1954-1969) | |
| 245 | 0 | |c Hồ Chí Minh, Nguyễn Khánh Bật...[và.nh.ng.khác] xây dựng bản thảo | |
| 245 | 0 | |n T.3 | |
| 260 | |a H. | ||
| 260 | |b Chính trị quốc gia | ||
| 260 | |c 2002 | ||
| 300 | |a XVI,748tr. | ||
| 520 | |a Gồm các bài viết và tác phẩm của Chủ tịch Hồ Chí Minh từ 1954-1969 thể hiện tư tưởng cơ bản của Người trên tất cả các lĩnh vực đối nội, đối ngoại của sự nghiệp xây dựng, bảo vệ miền Bắc, đấu tranh thống nhất nước nhà. | ||
| 650 | |a Hồ Chí Minh |d (1890-1969) |x Tuyển tập | ||
| 700 | |a Nguyễn, Khánh Bật | ||
| 856 | |u http://lrc.tdmu.edu.vn/opac/search/detail.asp?aID=2&ID=16657 | ||
| 980 | |a Trung tâm Học liệu Trường Đại học Thủ Dầu Một | ||